000 00315nam a22001457a 4500
008 210531b ||||| |||| 00| 0 eng d
020 _a9780078957185
041 _aeng
080 _a54
082 _a54
100 _a12
101 _aKIM
245 _aChemistry Matter and Change
_cBraaton,B
942 _2udc
_cBK
999 _c57817
_d57817